000
00208 a2200097 4500
001
28601
100
_a
Leake, K
245
_a
Welding Science and Metallurgy
260
_a
_b
Cassell
_c
090
_c
19138
_d
19138
942
_a
NUST-CAE
_c
M
_c
10156
999
_c
263674
_d
263674